| 000 | 00533nam a2200181Ia 4500 | ||
|---|---|---|---|
| 001 | 24388 | ||
| 005 | 20260414151039.0 | ||
| 008 | 260414t2020||||xx |||||||||||||| ||spa|| | ||
| 041 | _aESP | ||
| 082 |
_a345.7 _bD84J |
||
| 110 | _aDivisión de Estudios Jurídicos de Gaceta Jurídica | ||
| 245 | 0 |
_aCriterios jurisprudenciales de la Sala de Derecho Constitucional y Social Permanente de la Corte Suprema _b |
|
| 260 | _c2020 | ||
| 300 |
_a398 páginas : _c25 cm. |
||
| 650 | _aDER | ||
| 654 | _aCDE | ||
| 942 |
_cLIB _dJUS _fJUS _2ddc _n |
||
| 999 |
_c24388 _d24388 |
||